000 00844nam a2200253Ia 4500
003 OSt
005 20221005104350.0
006 a|||||r|||| 00| 0
007 ta
008 221004b |||||||| |||| 00| 0 hin d
020 _a8189102664 (hbk)
_c420.75
024 _a106092
037 _b12962, 19/03/2011, Kitab Ghar
_cTextual
040 _aCRL
_cCRL
_bhin
041 _2hin
_ahin
082 _aT:3(P152), 152P7
100 _aबक्शी, एन. एस.
245 0 _aहिन्दी शिक्षण
246 _aHindī shikṣhaṇa
260 _aदिल्ली
_bप्रेरणा प्रकाशन भारत
_c2007
300 _a253पृ0
_ccm.
942 _hT:3(P152), 152P7
_cTEXL
_2cc
999 _c1012473
_d1012473